| 000 | 00000nam##2200000za#4500 |
| 001 | 9.605103 |
| 003 | CaOODSP |
| 005 | 20210624211939 |
| 007 | cr ||||||||||| |
| 008 | 150406|2008||||xxc|||||o f|0| 0 fre|d |
| 040 | |aCaOODSP|bfre |
| 043 | |an-cn--- |
| 086 | 1 |aTU3-5/08-25F-PDF |
| 110 | 2 |aBureau de la sécurité des transports du Canada. |
| 245 | 10|aImpact sans perte de contrôle (CFIT) du Grumman G-21A C-FPCK exploité par Pacific Coastal Airlines sur l'île South Thormanby (Colombie-Britannique), le 16 novembre 2008 |h[ressource électronique] |
| 260 | |aGatineau - Québec : |bBureau de la sécurité des transports du Canada |c[2008]. |
| 300 | |a45p.|bill. en couleur, figures, références |
| 490 | 1 |aRapport d'enquête aéronautique |vA08P0353 |
| 590 | |a13-02-Supp|b2013-01-11 |
| 775 | 08|tControlled flight into terrain - (CFIT) Pacific Coastal Airlines Grumman G-21A C-FPCK South Thormanby Island, British Columbia, 16 November 2008 |w(CaOODSP)9.575605 |
| 830 | #0|aRapport d'enquête aéronautique ;|vA08P0353|w(CaOODSP)9.501229 |
| 856 | 40|ahttp://publications.gc.ca|qPDF|s909 Ko|uhttps://publications.gc.ca/collections/collection_2012/bst-tsb/TU3-5-08-25-fra.pdf|yA08P0353 |